000 00589cam a22002053a 4500
001 40501
003 PGUSA
005 20140828083914.0
008 120814s2012||||xxu|||||s|||||000 | eng d
040 _aPGUSA
_beng
042 _adc
100 1 _aBaxter, Arthur Beverley,
_d1891-1964
245 1 4 _aThe Blower of Bubbles
_h[electronic resource] /
_cArthur Beverley Baxter
260 _bProject Gutenberg,
_c2012
506 _aPublic domain in the USA.
516 _aElectronic text
830 0 _aProject Gutenberg
_v40501
856 4 0 _uhttp://www.gutenberg.org/ebooks/40501
942 _cEB
999 _c269754
_d269754